| 000 | 00777nam0a22002291 4500 | ||
|---|---|---|---|
| 001 | rc\2856646 | ||
| 005 | 20250529205617.0 | ||
| 035 | _a(NLR Aleph) 007011202 | ||
| 090 |
_a5816099 _c5816099 |
||
| 100 | _a20110707d1932 |||y0rusy50 ca | ||
| 101 | 0 | _arus | |
| 102 | _aRU | ||
| 105 | _aa z ||||| | ||
| 200 | 1 |
_aКраткое руководство по настилке рудничных путей _fСутягин П.В. |
|
| 210 |
_aИркутск _aМосква _cВостсибкрайгиз _d1932 _eИркутск _gтип. Крайгиза |
||
| 215 |
_aОбл., 15 с., включ. тит. л. _cил. _d17х12 см |
||
| 700 | 1 |
_aСутягин _bП.В. |
|
| 801 | 0 |
_aRU _bNLR _gpsbo |
|
| 801 | 1 |
_aRU _bELAR _2rusmarc |
|
| 852 |
_aNLR _j32-8/5655 |
||
| 942 | _cBOOK | ||
| 980 | _aNB | ||